00541nam a22001817a 4500003000400000008004100004082001700045100002000062245011900082260006800201300000900269502001700278650001700295650001300312650001200325650001100337650001100348OSt260502b |||||||| |||| 00| 0 eng d a634.44bK13U aKaruna, Kumari. aUrea and Growth Substances on Growth, Productivity and Quality of Mango (Mangifera indica L.) / cby Kumari Karuna a.- Sabour, Bhagalpurb: Bihar Agricultural College, RAUc, 2003 a96p. bPh. D.d2003 aHorticulture aPomology aMangoes aThesis aPh. D.